Geographie Quiz - Einfach - Statistiken

Allgemein
  • Dieses Quiz wurde 17.498 mal gespielt
    17.462 seit der letzten Aktualisierung
  • Das Durchschnittsergebnis liegt bei 16 aus 20
Antwortstatistiken
Frage Antwort % Korrekt
Was ist das flächenmäßig größte Land der Welt? Russland
98%
Was ist das südlichste Land Afrikas? Südafrika
98%
Welche Währung wird in Frankreich benutzt? Euro
97%
Was ist der höchste Berg der Welt? Mount Everest
96%
Was ist die Amtssprache Argentiniens? Spanisch
95%
Was ist die Hauptstadt von Ägypten? Kairo
91%
Welche ist die größte Wüste in Afrika? Sahara
90%
Was ist der längste Fluss in Südamerika? Amazonas
88%
Welche italienische Stadt ist bekannt für ihre Kanäle und Gondeln? Venedig
86%
Was ist der wichtigste Export für Saudi-Arabien? Öl
83%
Was ist der Breitengrad vom Äquator?
81%
In welcher Gebirgskette ist dieser Berg zu finden? Himalaya
81%
Welcher US Staat grenzt an die Arktis? Alaska
80%
Auf welcher Insel sind die Städte Cork, Limerick, Belfast und Galway zu finden? Irland
75%
Welches Land ist auch bekannt als Persien? Iran
69%
In welchem Land ist die Stadt vom Kobe zu finden, die berühmt für teures Rindfleisch ist? Japan
62%
Nenne einen der Großen Seen Nordamerikas. Erie | Huron | Michigan | Ontario | Oberer See
58%
Mit welchem ehemaligen Bundeskanzler wird der Flughafen Berlin Brandenburg in Verbindung gebracht? Willy Brandt
46%
Was ist die größte Stadt im französischsprachigen Teil Kanadas? Montreal
44%
Die größte Stadt welchen Landes war früher als Saigon bekannt? Vietnam
37%
Keine übereinstimmenden Quizze gefunden
Verteilung der Resultate
Anzahl Personen mit jedem Resultat
Perzentil nach korrekt beantworteten Fragen
Ihre Resultats-Entwicklung
Sie haben dieses Quiz seit der letzten Aktualisierung nicht gespielt